Milan - Culture générale - Statistiques

Statistiques générales
  • Ce quiz a été pris 1 604 fois
    1 131 depuis la dernière actualisation
  • Le résultat moyen est 15 sur 24
Statistiques - réponses
Information Réponse % Correct
Nom italien de la ville Milano
98%
Chaîne de montagnes que l'on peut observer au nord de Milan Alpes
89%
Milan est considérée comme la capitale de la mode, citez une des trois autres Londres / New York / Paris
89%
Club de football milanais titré en Europe AC Milan
87%
Type d'art chanté à La Scala Opéra
82%
Club de football milanais titré en Europe Internazionale Milan
79%
Riz crémeux qui accompagne ce dernier Risotto
79%
Nom italien donné à la cathédrale D{uomo}
77%
Styliste dont la marque de mode et de parfum a gardé son nom complet Giorgio {Armani}
77%
Région dont Milan est capitale Lombardie
76%
Plat traditionnel: jarret de veau au vin blanc {Osso} Buco
68%
Oeuvre de De Vinci représentant "Le Dernier Souper" La Cène
67%
Événement mondial organisé à Milan et Cortina en 2026 Jeux Olympiques d'hiver
63%
Fromage "bleu" que l'on mange sur la pizza Quatre Fromages Gorgonzola
62%
Ancien chef du gouvernement italien et milliardaire, il est aussi bien connu pour ses scandales. Silvio Berlusconi
56%
Fleuve qui a creusé la plaine dans laquelle la ville se trouve Plaine du {Pô}
54%
Défenseur du premier club cité plus haut qui y a passé toute sa carrière, en devenant le plus capé Paolo Maldini
45%
Femme d'affaire qui a habillé le diable en sa marque et lancé la ligne de vêtements Miu Miu Miuccia {Prada}
40%
Ville qui relie Milan lors d'une célèbre course cycliste San Remo
39%
Premier roi d'Italie dont une grande galerie tient son nom Victor Emmanuel II
37%
Peintre milanais connu pour ses "clairs-obscurs" Le {Caravage}
31%
Pionnier de l'automobile, surtout de luxe avec la marque qui tien son nom Ettore {Bugatti}
30%
Famille "forte" de la ville de Milan qui possédait un imposant château au centre de la ville Sforza
21%
Boisson alcoolisée orangée et amère Campari
16%
Aucun quiz correspondant
Distribution des résultats
% des personnes avec chaque résultat
Percentile par nombre de réponses
Votre historique - résultats
Vous n’avez pas pris ce quiz depuis la dernière actualisation